Élements techniques contribuant a l'utilisation optimum des machines agricoles
Saved in:
| Format: | Book |
|---|---|
| Language: | French |
| Published: |
Genéve
Nations Unies
1984
|
| Tags: |
No Tags, Be the first to tag this record!
|
MARC
| LEADER | 00000nam a2200000 4500 | ||
|---|---|---|---|
| 001 | c109072 | ||
| 005 | 20221207065020.0 | ||
| 041 | 0 | |a fre | |
| 044 | |a CH | ||
| 245 | 1 | 0 | |a Élements techniques contribuant a l'utilisation optimum des machines agricoles |
| 264 | 1 | |a Genéve |b Nations Unies |c 1984 | |
| 300 | |a 24 s. | ||